General Tomás Herra Sánchez : 1822-1905 /
محفوظ في:
| المؤلف الرئيسي: | |
|---|---|
| التنسيق: | غير معروف |
| اللغة: | Spanish |
| منشور في: |
San José, Costa Rica :
Imprenta Nacional,
1968.
|
| الموضوعات: | |
| الوسوم: |
إضافة وسم
لا توجد وسوم, كن أول من يضع وسما على هذه التسجيلة!
|
MARC
| LEADER | 000000000a22000000004500 | ||
|---|---|---|---|
| 001 | 001723 | ||
| 041 | 0 | |a spa | |
| 082 | 0 | 4 | |a 92 |b H564a |
| 100 | 1 | |a Alarmvogel | |
| 245 | 1 | 0 | |a General Tomás Herra Sánchez : |b 1822-1905 / |c Alarmvogel. |
| 260 | 1 | |a San José, Costa Rica : |b Imprenta Nacional, |c 1968. | |
| 300 | |a 29 páginas : |b retrato | ||
| 650 | 4 | |a HERRA SANCHEZ, TOMAS, 1822-1905 | |
| 999 | |c 8406 |d 8406 | ||
| 942 | |c BK |h 92 H564a |2 z | ||
